Statistiken für Dinge die mit R anfangen (Kenshin Edition)

Klicken Sie hier um das Quiz zu spielen!

Allgemein

  • Dieses Quiz wurde 174 mal gespielt
  • Das Durchschnittsergebnis liegt bei 12 aus 16

Antwortstatistiken

Antwort% Korrekt
Reh
98%
Russland
98%
Rumänien
97%
Rabe
96%
Rom
95%
Rosine
95%
Roulette
94%
Rheinland-Pfalz
91%
Ravioli
83%
Ring
80%
Ruanda
67%
Regensburg
58%
Römisches Reich
54%
Ramen
50%
Rosenkäfer
20%
Ranchu
3%

Verteilung der Resultate

Perzentil nach korrekt beantworteten Fragen

Anzahl Personen mit jedem Resultat

Ihre Resultats-Entwicklung

Sie haben dieses Quiz noch nicht gespielt